000 00860 a2200241 4500
999 _c5451
_d5451
020 _a9780073510910 (hard copy : alk. paper)
020 _a0073510912 (hard copy : alk. paper)
050 0 0 _aR123ALL2008
100 1 _aAllan, David,
_d1942-
245 1 0 _aMedical language for modern health care /
_cDavid Allan, Karen Lockyer, Michelle Buchman.
250 _a1st ed.
264 _aBoston:
_bMcGraw Hill,
_c2008
300 _axxvii, 909, [163] p. :
_bill. (chiefly col. ) ;
500 _aIncludes index.
650 0 _aMedicine
_xTerminology
650 1 2 _aMedicine.
650 1 2 _aTerminology.
700 1 _aLockyer, Karen.
700 1 _aBuchman, Michelle.
856 4 1 _3Table of contents only
_uhttp://www.loc.gov/catdir/toc/ecip074/2006035998.html
942 _2lcc
_cBK
_h123
_iALL
_kR